El lenguaje de las ciencias humanas (Record no. 67022)

MARC details
000 -LEADER
campo de control de longitud fija 00913nam a2200253 i 4500
001 - NÚMERO DE CONTROL
campo de control 67022
003 - IDENTIFICADOR DE NÚMERO DE CONTROL
campo de control ES-MaACL
005 - FECHA Y HORA DE LA ÚLTIMA TRANSACCIÓN
campo de control 20231212062546.0
007 - CAMPO FIJO DE DESCRIPCIÓN FÍSICA--INFORMACIÓN GENERAL
campo de control de longitud fija t|
008 - DATOS DE LONGITUD FIJA--INFORMACIÓN GENERAL
campo de control de longitud fija 981203s1988 sp ||||0| spa d
017 ## - NÚMERO DE COPYRIGHT O DE DEPÓSITO LEGAL
Número de copyright o de depósito legal M 42561-1988
040 ## - FUENTE DE CATALOGACIÓN
Centro catalogador/agencia de origen M-BN
Lengua de catalogación spa
Centro/agencia transcriptor M-BN
080 ## - NÚMERO DE LA CLASIFICACIÓN DECIMAL UNIVERSAL
Número de la Clasificación Decimal Universal 81'276.6:3
100 1# - ENTRADA PRINCIPAL--NOMBRE DE PERSONA
Nombre de persona Pinillos, José Luis.
9 (RLIN) 92143
245 13 - MENCIÓN DEL TÍTULO
Título El lenguaje de las ciencias humanas
Resto del título : discurso leído el día 18 de diciembre de 1988 en su recepción pública por el Excmo. Sr. don José Luis Pinillos, y contestación del Excmo. Sr. don Julián Marías.
260 ## - PUBLICACIÓN, DISTRIBUCIÓN, ETC.
Lugar de publicación, distribución, etc. Madrid :
Nombre del editor, distribuidor, etc. Real Academia Española,
Fecha de publicación, distribución, etc. 1988.
300 ## - DESCRIPCIÓN FÍSICA
Extensión 88 p ;
Dimensiones 22 cm.
650 14 - PUNTO DE ACCESO ADICIONAL DE MATERIA--TÉRMINO DE MATERIA
Término de materia o nombre geográfico como elemento de entrada Ciencias sociales-
Subdivisión general Lenguaje.
9 (RLIN) 10995
700 1# - ENTRADA AGREGADA--NOMBRE PERSONAL
Nombre de persona Marías, Julián,
Fechas asociadas al nombre 1914-2005
9 (RLIN) 76688
710 2# - ENTRADA AGREGADA--NOMBRE DE ENTIDAD CORPORATIVA
Nombre de entidad corporativa o nombre de jurisdicción como elemento de entrada Real Academia Española
9 (RLIN) 6336
852 ## - LOCALIZACIÓN
Ubicación ES-MaACL
Número de control de estantería 2170-F-20
Sublocalización o colección R.123589
852 ## - LOCALIZACIÓN
Ubicación ES-MaACL
Número de control de estantería G-2132
Sublocalización o colección R.119419
Holdings
Estatus retirado Estado de pérdida Estado de daño No para préstamo Biblioteca de origen Biblioteca actual Ubicación en estantería Fecha de adquisición Fuente de adquisición Total de préstamos Signatura topográfica completa Código de barras Visto por última vez Precio de reemplazo Tipo de ítem Koha Colección
        Biblioteca del Ateneo de Madrid Biblioteca del Ateneo de Madrid Depósito 2 17/01/2008     G-2132 1070196 23/02/2023 23/02/2023 Libro impreso  
        Biblioteca del Ateneo de Madrid Biblioteca del Ateneo de Madrid Depósito folletos 17/01/2008     2170-F-20 1070195 23/02/2023 23/02/2023 Folleto Colección de folletos